[Event "Sautron op 15th"]
[Site "Sautron"]
[Date "2015.10.24"]
[Round "3.1"]
[White "Swayams, Mishra"]
[Black "Le Roux, Jean Pierre"]
[Result "1/2-1/2"]
[WhiteElo "2444"]
[BlackElo "2572"]
[Annotator "Primel,D"]
[PlyCount "117"]
[EventDate "2015.10.24"]
[EventType "swiss"]
[EventRounds "9"]
[EventCountry "FRA"]
[SourceTitle "CBM 169 Extra"]
[Source "ChessBase"]
[SourceDate "2015.12.18"]
[SourceVersion "1"]
[SourceVersionDate "2015.12.18"]
[SourceQuality "1"]
[TimeControl "40/5400+30:1800+30"]
[WhiteClock "0:03:06"]
[BlackClock "0:00:59"]

1. d4 {[%emt 0:00:00]} Nf6 {[%emt 0:00:00]} 2. c4 {[%emt 0:00:00]} e6 {[%emt 0:
00:00]} 3. Nc3 {[%emt 0:00:00]} Bb4 {[%emt 0:00:00]} 4. e3 {[%emt 0:00:01]} O-O
{[%emt 0:00:00]} (4... c5) (4... d5) (4... b6) 5. Nge2 {[%emt 0:00:04]} c6 $5 {
[%emt 0:00:09] Une ligne secondaire devenue assez populaire récemment,
l'idée est d'éviter l'échange du B en gardant une case de repli en "c7" où
il visera la case "h2"} (5... d5 6. a3 Bd6 7. c5 Be7 8. b4 b6 9. Bb2 a5 10. Nf4
axb4 11. axb4 Rxa1 12. Qxa1 Nc6 13. Nd3 bxc5 14. bxc5 Ne4 15. Be2 Bd7 16. f3
Nxc3 17. Bxc3 Qa8 18. Kd2 Rb8 19. Qxa8 Rxa8 20. Ra1 Rxa1 21. Bxa1 Kf8 22. Bc3
Ke8 23. g4 g6 24. f4 h6 25. h3 Bf6 26. Bf3 Bc8 27. Bd1 Bd7 28. Ne1 Na7 29. Ba5
Bd8 30. Nf3 Bb5 31. Bc3 Nc6 32. Ke1 Nb8 33. Bc2 Nd7 34. Ba5 Nf6 35. g5 {
So,W (2779)-Topalov,V (2816) Saint Louis 2015 1/2-1/2}) 6. a3 {[%emt 0:01:03]}
Ba5 {[%emt 0:00:04]} 7. Ng3 {[%emt 0:04:03] Le plan des Noirs est assez lent
mais il est contrebalancé par cette perte de temps des Blancs indispensable
pour terminer le développement} (7. b4 $5 Bc7 8. e4 d6 (8... d5 9. e5 Ne8 (
9... Nfd7) 10. Ng3 f6 $13 {Tomashevsky,E (2699)-Zvjaginsev,V (2676) RUS-ch
63rd Moscow 2010 (3) 1/2}) 9. Ng3 a5 10. Rb1 axb4 11. axb4 e5 12. d5 Bb6 $132 {
Romanov,E (2611)-Efimenko,Z (2689) EU-Cup 28th Eilat 2012 (7.5) 0-1}) 7... d5 {
[%emt 0:00:09]} 8. Be2 {[%emt 0:00:50]} (8. Qc2) (8. Bd3) 8... Nbd7 {[%emt 0:
07:07]} (8... c5 $5 9. dxc5 Bxc3+ 10. bxc3 Nbd7 {Aagaard,J (2506)-Hera,I (2568)
SCO-ch 119th 2012 (5) 1/2}) 9. O-O {[%emt 0:00:08]} dxc4 {[%emt 0:00:10]} (9...
e5 $6 10. cxd5 cxd5 11. dxe5 $14 {[%csl Rd5]}) 10. Bxc4 {[%emt 0:00:02]} e5
$132 {[%emt 0:00:09] Une partie à haut niveau avait été jouée la semaine
précédente qui a peut-être inspirée le choix du breton.} 11. Ba2 {[%emt 0:
03:30][%cal Gd1d3,Ga2b1]} Bc7 {[%emt 0:00:09]} 12. d5 $5 $146 {[%emt 0:05:06]}
(12. Qc2 Re8 13. dxe5 Nxe5 14. Bd2 Qd3 15. Rac1 Qxc2 16. Rxc2 Be6 17. Bxe6 Rxe6
18. Nf5 {1/2-1/2 (18) Anand,V (2803)-Gajewski,G (2654) Berlin 2015}) 12... cxd5
{[%emt 0:02:18]} 13. Nxd5 {[%emt 0:00:27]} Nxd5 {[%emt 0:04:57]} 14. Qxd5 {
[%emt 0:00:14]} Nf6 {[%emt 0:03:07]} 15. Qxd8 {[%emt 0:02:52]} Rxd8 {[%emt 0:
06:07]} 16. e4 $1 {[%emt 0:00:06][%cal Gc1g5] Les Noirs ont des petits
problèmes pour terminer le développement de l'aile-dame et la position
Blanche est trés saine.} Bb6 {[%emt 0:11:03]} (16... h6 $5 {Peut-être un
moindre mal} 17. Be3 Ng4 18. Bc5 b6 19. Bd5 (19. Bb4 Ba6 20. Rfd1 Rac8) 19...
Ba6) (16... Bd7 $143 17. Bg5 $14) 17. Bg5 {[%emt 0:01:53]} Rd6 {[%emt 0:07:29]}
18. Rac1 $32 {[%emt 0:06:50]} Be6 {[%emt 0:10:14]} 19. Bxe6 {[%emt 0:29:52]
Joué après une longue réflexion} Rxe6 {[%emt 0:00:03]} 20. Bxf6 {[%emt 0:10:
51]} Rxf6 {[%emt 0:00:33]} 21. Nf5 {[%emt 0:00:06][%csl Gf5]} Rd8 {[%emt 0:11:
29]} 22. Rfd1 {[%emt 0:04:42]} Rxd1+ {[%emt 0:04:15]} 23. Rxd1 {[%emt 0:00:05]}
g6 {[%emt 0:08:44][%csl Rf2]} 24. Rd6 $8 {[%emt 0:00:33]} Rxd6 {[%emt 0:00:04]}
25. Nxd6 {[%emt 0:00:04]} Bd4 {[%emt 0:01:21]} 26. b4 {[%emt 0:03:45]} (26. b3
$2 Bc5) 26... Bb2 {[%emt 0:02:43]} 27. Nc4 {[%emt 0:02:44]} Bd4 {[%emt 0:00:36]
(=)} 28. Nd6 {[%emt 0:11:14] Avec une position ouverte et des P sur les deux
ailes, il est logique de vouloir continuer avec le B contre le N} Bb2 $1 {
[%emt 0:00:37]} 29. a4 {[%emt 0:02:40]} (29. Nc4) 29... Ba3 {[%emt 0:03:55]}
30. Nxb7 {[%emt 0:00:11]} Bxb4 {[%emt 0:00:02]} 31. Kf1 {[%emt 0:00:23]} Kf8 {
[%emt 0:07:59]} 32. Ke2 {[%emt 0:00:23]} Ke7 {[%emt 0:06:24]} 33. Kd3 {[%emt 0:
00:08]} Kd7 {[%emt 0:01:20][%csl Rb7]} 34. Kc4 {[%emt 0:00:05]} Be1 {[%emt 0:
01:13]} 35. Nc5+ {[%emt 0:02:20]} Kd6 {[%emt 0:00:12]} 36. Nd3 {[%emt 0:00:06]}
Bd2 {[%emt 0:00:18]} 37. Kb5 {[%emt 0:05:20][%csl Ra7]} Bc3 {[%emt 0:00:50]}
38. Ka6 {[%emt 0:00:11]} Bd4 {[%emt 0:00:20]} 39. Kb7 {[%emt 0:00:09]} (39. a5)
39... Bb6 {[%emt 0:01:26]} 40. f3 {[%emt 0:00:00]} f5 {[%emt 0:00:00]} 41. Nb4
{[%emt 0:07:15]} fxe4 {[%emt 0:21:33]} 42. fxe4 {[%emt 0:00:11]} Be3 {[%emt 0:
04:20]} 43. Nd5 {[%emt 0:05:17]} (43. Nc6) 43... Bg1 {[%emt 0:04:35]} 44. a5 {
[%emt 0:01:51]} Kc5 {[%emt 0:01:09]} 45. a6 $1 {[%emt 0:00:26][%csl Ra7]} Kc4 {
[%emt 0:00:57]} 46. Nf6 {[%emt 0:09:06]} Kd3 {[%emt 0:00:17]} 47. g4 {[%emt 0:
03:41]} h5 {[%emt 0:01:42]} 48. gxh5 {[%emt 0:06:12]} gxh5 {[%emt 0:00:03]} 49.
h4 {[%emt 0:00:55]} Bf2 {[%emt 0:00:52]} 50. Kb8 {[%emt 0:02:41]} Bxh4 {
[%emt 0:01:07]} 51. Nxh5 $11 {[%emt 0:01:17] Après la liquidation de
l'aile-roi, les Noirs tiennent la nulle. Au surplus, il s'agissait de la ronde
du matin et il vallait mieux s'économiser.} Kxe4 {[%emt 0:00:27]} 52. Kxa7 {
[%emt 0:00:02]} Bf2+ {[%emt 0:00:34]} 53. Kb7 {[%emt 0:00:06]} Kf3 {[%emt 0:00:
21]} 54. Nf6 {[%emt 0:00:31]} e4 {[%emt 0:00:31]} 55. Nd5 {[%emt 0:00:18]} e3 {
[%emt 0:00:38]} 56. a7 {[%emt 0:02:39]} e2 {[%emt 0:00:03]} 57. a8=Q {[%emt 0:
00:06]} e1=Q {[%emt 0:00:07]} 58. Qf8+ {[%emt 0:00:35]} Kg2 {[%emt 0:01:09]}
59. Qg8+ {[%emt 0:00:14]} 1/2-1/2

[Event "EU-chT (Men) 11th"]
[Site "Pula"]
[Date "1997.05.??"]
[Round "6.2"]
[White "Nikolaidis, Ioannis"]
[Black "Guseinov, Aidyn"]
[Result "0-1"]
[WhiteElo "2565"]
[BlackElo "2430"]
[Annotator "Psakhis,L"]
[PlyCount "66"]
[EventDate "1997.05.05"]
[EventType "team-swiss"]
[EventRounds "9"]
[EventCountry "CRO"]
[SourceTitle "CBM 057 Extra"]
[Source "ChessBase"]
[SourceDate "1997.05.01"]
[SourceVersion "1"]
[SourceVersionDate "1997.05.01"]
[SourceQuality "1"]
[WhiteTeam "Greece"]
[BlackTeam "Azerbaijan"]
[WhiteTeamCountry "GRE"]
[BlackTeamCountry "AZE"]

1. d4 Nf6 2. c4 e6 3. Nc3 Bb4 4. e3 O-O 5. Nge2 d5 6. a3 Be7 7. Nf4 c6 8. cxd5
exd5 9. Bd3 Bd6 {This modest variation ussualy doesn,t brings too many
problems for Black.White Have to try to move pawns in the centre. Nikolaidis
forgot about that plan and very soon got troubles.} 10. O-O Re8 11. Qc2 (11. b4
Nbd7 12. f3 $5 Nb6 13. Nfe2 $1 (13. e4 $2 dxe4 14. fxe4 Bxf4 15. Bxf4 Qxd4+ $19
) 13... a5 14. Rb1 axb4 15. axb4 Qe7 16. e4 $1 {1/2-1/2 Reshevsky,S-Smagin,S/
Moskva (GMA) 1989 (42)}) (11. f3 $5 Bxf4 $6 12. exf4 b6 13. f5 $1 Ba6 14. Bxa6
Nxa6 15. Qa4 Nb8 16. Bf4 b5 17. Qd1 Nbd7 18. g4 $36 {1-0 Petrosian,T-Liberzon/
USSR 1964 (46)}) 11... b6 {N/} (11... Nbd7 12. f3 Nf8 13. Qf2 Ne6 14. Nfe2 $5
c5 15. Bd2 cxd4 16. exd4 a6 17. Rad1 $14 {1-0 Lerner,K-Kaiumov,D/Beltsy 1979 
(32)}) 12. b4 ({Nothing wrong with this move, but more natural will be to play
} 12. e4 $5 dxe4 13. Nxe4 Nxe4 (13... Ba6 14. Re1) 14. Bxe4 Qf6 15. g3 (15.
Bxh7+ Kh8 16. g3 g6 17. Bxg6 Bxf4 18. Bxf7 Qxf7 19. Bxf4 Bf5 $13) 15... Qxd4
16. Bxh7+ Kh8 17. Be3 Qf6 18. Rae1 $36 {with initiative.}) 12... Ba6 $5 {
Little provocation.} 13. b5 Bb7 14. Bb2 ({Now} 14. e4 {was not so clear
because of} dxe4 15. Nxe4 cxb5 16. Nxd6 (16. Nxf6+ Qxf6 17. Bxh7+ Kh8 18. Qf5
Qxf5 19. Bxf5 Nc6 $17) 16... Qxd6 17. Bxb5 Bc6 $11 (17... Re4 $5 18. Ne2 Ng4
19. Ng3 Rxd4)) 14... cxb5 15. Bxb5 (15. Nxb5 $5 Bxf4 16. exf4 Nc6 17. Rad1 $11)
15... Nc6 16. Qf5 (16. Ncxd5 Nxd5 (16... Rc8 $2 17. Nxf6+ Qxf6 18. d5) 17. Nxd5
(17. Bxc6 Bxc6 18. Qxc6 Bxf4 19. exf4 Nxf4 $36 {[%cal Re8e2,Rf4e2]})) 16... a6
$1 17. Bxc6 (17. Bd3 $5 Ne7 18. Qg5 $132) 17... Bxc6 $15 18. Nh5 Re6 19. Nf4
Re8 20. Nh5 Nxh5 $1 {Of coarse, Guseinov want to continue game.With terrible
bishop on b2 he can play for a win without any risk.} 21. Qxh5 Re6 22. g3 (22.
h3 $5) 22... Bf8 (22... Rh6 $5 23. Qf3 Qg5) 23. a4 $6 b5 $1 24. axb5 axb5 25.
e4 $5 (25. Rxa8 Bxa8 26. Ra1 (26. Nxb5 $2 Rb6 $17) 26... b4 27. Ne2 Rc6 $36)
25... b4 $5 (25... dxe4 $6 26. d5 Rh6 (26... g6 $2 27. Qd1 Rxa1 28. Bxa1 Rd6
29. Nxe4 Rxd5 30. Qc2 $1 $18) 27. Qe5 $132) 26. Nxd5 Rxa1 (26... Rxe4 $5) 27.
Rxa1 Rxe4 28. Ne3 $2 {Decisive mistake.Stronger was to play} (28. Nf4 $5 {
and still it is not so easy for Black to prove their advantage. For instance}
Rxd4 (28... Qe8 29. d5 Re1+ 30. Kg2 Qe4+ 31. Qf3 Qxf3+ 32. Kxf3 Rxa1 33. Bxa1
Bb7 34. Ke4 $11) 29. Bxd4 Qxd4 30. Re1 $1 b3 31. Qe2 $13) 28... Rxd4 $1 29.
Bxd4 (29. Rc1 Rd6 30. Nc4 Rh6 $19) 29... Qxd4 {[%cal Rc6h1,Rd4e4]} 30. Rd1 (30.
Re1 $5 Qe4 31. f3 $1 $17) 30... Qe4 31. Nd5 $2 ({Last chance was} 31. Kf1 $1 b3
32. Rd2 $17 (32. Qf5 b2 33. Rb1 Qh1+ 34. Ke2 Bf3+ $1 35. Kd2 Bb4+ 36. Kc2 Be4+
$19)) 31... b3 (31... f5 $1 $19) 32. Qg5 Qf3 $1 $19 33. Ne7+ (33. Rd2 b2 34.
Rxb2 Bxd5) (33. Qd2 b2 $1) 33... Bxe7 (33... Bxe7 34. Rd8+ Bf8 35. Rxf8+ Kxf8
36. Qd8+ Be8 $19) 0-1

[Event "USA-ch fin"]
[Site "Chandler"]
[Date "1997.09.12"]
[Round "6"]
[White "Christiansen, Larry Mark"]
[Black "Benjamin, Joel"]
[Result "1/2-1/2"]
[WhiteElo "2550"]
[BlackElo "2580"]
[Annotator "Psakhis,L"]
[PlyCount "71"]
[EventDate "1997.09.02"]
[EventType "match"]
[EventRounds "6"]
[EventCountry "USA"]
[SourceTitle "CBM 061"]
[Source "ChessBase"]
[SourceDate "1997.11.23"]
[SourceVersion "1"]
[SourceVersionDate "1997.11.23"]
[SourceQuality "1"]

1. d4 Nf6 2. c4 e6 3. Nc3 Bb4 4. e3 O-O 5. Nge2 d5 6. a3 Be7 7. Nf4 c6 8. Bd3
dxc4 (8... b6 9. O-O Bb7 10. b4 Nbd7 11. cxd5 Nxd5 12. Ncxd5 cxd5 13. Bd2 Bd6
14. Rc1 Qf6 15. Qa4 Qe7 16. b5 e5 17. Nh5 Qh4 18. Ng3 e4 19. Be2 Rfe8 20. Bb4
Bb8 21. Rc3 f5 22. Rfc1 f4 23. Nf1 {Kharlov,A-Tiviakov,S/RUS-ch Elista 1994/
CBM 44/1/2-1/2 (63)}) 9. Bxc4 Nbd7 10. Nd3 (10. O-O e5 $11) 10... c5 11. Ba2 (
11. dxc5 $5 Nxc5 12. O-O (12. Nxc5 Qxd1+ (12... Bxc5 13. Qxd8 Rxd8 14. b4 Be7
15. Bb2 Bd7 16. Ke2 Rac8 17. Bd3 Bc6 18. f3 Nd7 19. Ne4 f5 20. Nd2 Nb6 21. Bd4
e5 22. Bc5 Rxd3 23. Kxd3 Bb5+ 24. Kc2 Na4 25. Kb3 b6 26. Nc4 bxc5 27. Nxe5 cxb4
28. Rac1 Nc5+ 29. Kxb4 a6 {0-1 Mukhin,E-Tal,M/URS-chT Moscow 1972/MCD-ch}) 13.
Kxd1 Bxc5 14. b4 Be7 15. Bb2 Bd7 16. Ke2 Rac8 17. Bb3 Rc7 18. Rac1 Rfc8 19.
Rhd1 Ng4 20. Ba4 Bxa4 21. Nxa4 Rc2+ 22. Rxc2 Rxc2+ 23. Kf3 f5 24. Rd7 Bh4 {
0-1 Barreras,A-Christiansen,L/Capablanca mem 1979/MCL 07}) 12... a6 13. Nxc5
Bxc5 14. Be2 Qc7 15. Bf3 Bd7 16. Bd2 Bd6 $11 {1/2-1/2 Petrovs,V-Najdorf,M/Lodz
1938/HCL 32 (18)}) 11... b6 12. O-O Bb7 13. Qe2 (13. Qa4 a6) 13... Qc7 (13...
Ba6 $5 14. Re1 Rc8) 14. Bd2 Rac8 (14... cxd4 15. exd4 Bd6 16. f4 $13) 15. Rad1
Qb8 16. f4 (16. dxc5 $5 Nxc5 17. Nxc5 Rxc5 18. e4 $11) 16... Ba6 $1 17. Be1 (
17. f5 e5 $1) 17... Rfd8 18. Qf3 (18. d5 $5 exd5 (18... e5 $5 19. fxe5 $140
Nxe5 20. Bg3 Bd6) 19. Nxd5 Nxd5 20. Bxd5 Nf6 (20... Ne5 $6 21. fxe5 (21. Be4
Nxd3 22. Bxd3 Rxd3 23. Rxd3 Bf6 24. b3 Re8 $15) 21... Rxd5 22. Rxf7 $1 (22. Qf3
Rxd3 23. Rxd3 Bxd3 24. Qxf7+ Kh8 $19) 22... Bxd3 (22... Kxf7 23. Qf3+) 23. Rxd3
Rxe5 (23... Rxd3 $2 24. Rxe7 $18 {[%cal Re2g4]}) 24. Rf1 Qb7 25. Bc3 $14) 21.
Bb3 Qd6 $15) 18... cxd4 19. exd4 Nf8 20. Bf2 (20. Qe3 Qd6) (20. d5 Bb7 $17)
20... Bxa3 $1 $17 21. f5 (21. d5 $5 Bb7 $5 (21... exd5 22. Nxd5 Nxd5 23. Bxd5
Bxd3 24. Qxd3 Bd6 25. Bxf7+ $1 Kxf7 26. Qb3+)) 21... Bxd3 22. Rxd3 Bxb2 23. Ne4
(23. Na4 e5 $1 24. Nxb2 e4 $19) (23. Nd1 e5) 23... Nxe4 24. Qxe4 Qd6 $19 25.
Bh4 Re8 (25... Bxd4+ 26. Kh1 Rd7 (26... e5 $1) 27. fxe6 Nxe6 28. Bg3 $1 $132)
26. Bg3 Qd7 27. f6 gxf6 $5 28. Bh4 (28. Rxf6 Rc1+) 28... f5 29. Qe3 Ng6 30. Bf6
f4 $5 31. Qh3 Qd6 32. Qh6 Qf8 33. Qh5 Rc3 34. Bb1 (34. Rd2 Bc1) 34... Rxd3 35.
Bxd3 Qd6 36. Bxg6 $19 1/2-1/2

[Event "POL-chT 66th"]
[Site "Katowice"]
[Date "2010.09.06"]
[Round "3"]
[White "Piorun, Kacper"]
[Black "Gajewski, Grzegorz"]
[Result "1/2-1/2"]
[WhiteElo "2497"]
[BlackElo "2568"]
[Annotator "RR"]
[PlyCount "48"]
[EventDate "2010.09.04"]
[EventType "team-tourn"]
[EventRounds "9"]
[EventCountry "POL"]
[SourceTitle "EXT 2016"]
[Source "ChessBase"]
[SourceDate "2015.10.08"]
[SourceVersion "1"]
[SourceVersionDate "2015.10.08"]
[SourceQuality "1"]
[WhiteTeam "Gorzow Wielkopolski"]
[BlackTeam "Lublin"]
[WhiteTeamCountry "POL"]
[BlackTeamCountry "POL"]

1. d4 Nf6 2. c4 e6 3. Nc3 Bb4 4. e3 O-O (4... c5) (4... b6) 5. Nge2 d5 6. a3
Bd6 (6... Be7) 7. Ng3 (7. c5 Be7 8. b4 $14) 7... c5 8. cxd5 exd5 9. dxc5 Bxc5
10. Bd3 (10. b4 Bb6 11. Na4 $14) 10... Nc6 11. O-O Bg4 $146 (11... Ne5 {
Ivanisevic,I (2630)-Gyimesi,Z (2600) BIH-chT 9th Bihac 2010 (9) 1-0}) 12. Nce2
Re8 13. h3 Bxe2 14. Qxe2 Bd6 15. Nf5 Be5 (15... Bf8) 16. Rd1 Qb6 17. Rb1 g6 18.
Nh6+ Kg7 19. Ng4 Nxg4 20. hxg4 Qb3 21. Bc2 Qc4 22. Bd3 Qb3 23. Bc2 Qc4 24. Bd3
Qb3 1/2-1/2

[Event "Rohde op 08th"]
[Site "Sautron"]
[Date "2008.10.31"]
[Round "8"]
[White "Colin, Vincent"]
[Black "Maiorov, Nikita"]
[Result "0-1"]
[WhiteElo "2421"]
[BlackElo "2530"]
[Annotator "RR"]
[PlyCount "76"]
[EventDate "2008.10.25"]
[EventType "swiss"]
[EventRounds "9"]
[EventCountry "FRA"]
[SourceTitle "EXT 2009"]
[Source "ChessBase"]
[SourceDate "2008.11.26"]
[SourceVersion "1"]
[SourceVersionDate "2008.11.26"]
[SourceQuality "1"]

1. d4 Nf6 2. c4 e6 3. Nc3 Bb4 4. e3 O-O (4... c5) 5. Nge2 d5 6. a3 Be7 (6...
Bd6) 7. cxd5 exd5 8. g3 (8. b4) 8... a5 9. Bg2 Re8 10. O-O Na6 (10... c6) 11.
b3 ({RR} 11. Bd2 c6 12. Rc1 Bf5 13. h3 Bd6 14. g4 Bd3 15. Re1 h6 16. f4 Nc7 17.
Ng3 Ne4 18. Ncxe4 dxe4 19. Nh1 Nd5 20. Nf2 Qb6 21. Bc3 Nxc3 22. Rxc3 Qxb2 23.
Rb3 Qc2 {1/2-1/2 Rozum,I (2444)-Brodsky,M (2548)/Peterhof 2008/CB35}) 11... c6
({RR} 11... Bf8 12. Nf4 c6 13. Bb2 Nc7 14. Na4 Nb5 15. Re1 Nd6 16. Nd3 g6 17.
Ne5 Nfe4 18. f3 Ng5 19. Qd2 f6 20. Nd3 {1/2-1/2 Zueger,B (2405)-Eriksson,A 
(2300)/Stockholm 1987/TD}) 12. Nf4 Nc7 13. Kh1 $146 (13. Ra2 $5 {Georgiev,V 
(2518)-Dimitrov,V (2454) BUL-chT 56th 2006 (2) 1/2}) 13... h6 14. Ra2 $5 {
Un coup thématique mais après Qc2, la Ra2 va manquer d'espace.} Bf8 15. Qc2 $6
{[%csl Ra2]} Ne6 16. Nd3 b6 17. Ne5 {[%csl Rc6]} Bb7 (17... Ba6 18. Rd1 Rc8 $11
) 18. f4 c5 19. dxc5 $1 bxc5 20. Qd1 {[%cal Ga2d2] Les blancs ont perdu du
temps avec Qc2, puis Qd1 voulant doubler sur la colonne "d" et les noirs vont
prendre l'initiative.} (20. Rd1 $142 Rb8 21. a4 d4 22. Nb5 {[%cal Gd1d8]})
20... Rb8 21. Rd2 d4 $1 22. f5 Ng5 (22... Bxg2+ 23. Kxg2 Nd5 $40) 23. exd4 cxd4
24. Rxd4 Bxg2+ 25. Kxg2 Qc7 26. Bxg5 hxg5 27. Nc4 Bc5 28. Rd3 (28. Rd2) 28...
Qb7+ $40 {[%csl Rg2]} 29. Qf3 Qxb3 30. Nd2 $2 (30. Ne3) 30... Qc2 (30... g4 $19
) 31. h3 Be3 (31... Rb3 {[%csl Rd3][%cal Gb3c3]}) 32. Rxe3 Qxd2+ 33. Re2 Rxe2+
34. Nxe2 Re8 35. Kf2 g4 36. hxg4 Ne4+ 37. Kg1 Ng5 38. Qg2 Qxe2 0-1

[Event "Cappelle op 31st"]
[Site "Cappelle la Grande"]
[Date "2015.03.03"]
[Round "5"]
[White "Fier, Alexandr"]
[Black "Kveinys, Aloyzas"]
[Result "1-0"]
[WhiteElo "2612"]
[BlackElo "2507"]
[Annotator "RR"]
[PlyCount "83"]
[EventDate "2015.02.28"]
[EventType "swiss"]
[EventRounds "9"]
[EventCountry "FRA"]
[SourceTitle "EXT 2016"]
[Source "ChessBase"]
[SourceDate "2015.10.08"]
[SourceVersion "1"]
[SourceVersionDate "2015.10.08"]
[SourceQuality "1"]

1. d4 Nf6 2. c4 e6 3. Nc3 Bb4 4. e3 O-O (4... c5) 5. Nge2 d5 6. a3 Bd6 7. Ng3
c5 8. dxc5 $1 Bxc5 9. b4 $14 Be7 10. cxd5 (10. Bb2 a6 (10... Nc6 11. Qc2) 11.
cxd5 exd5 12. Bd3 Nc6 13. Nce2 Bd6 14. O-O Be6 15. f4 Bc7 16. Bc2 Bg4 17. Qd3
Bxe2 18. Nxe2 Re8 19. Bxf6 Qxf6 20. Nc3 Qg6 21. Qxg6 hxg6 22. Nxd5 Rac8 23.
Rac1 Bb8 24. Bb3 Ba7 25. Kf2 Kf8 26. Kf3 Rcd8 27. Rc3 Re6 28. g4 Red6 29. Rd1
f5 30. g5 Bb8 31. h4 a5 32. Rcd3 axb4 33. axb4 Ne7 34. b5 Nxd5 35. Bxd5 Ba7 36.
e4 fxe4+ 37. Kxe4 Re8+ 38. Kf3 Red8 39. Kg4 Bc5 {Svidler,P (2746)-Bologan,V 
(2672) Tromsoe 2013 1/2-1/2}) 10... exd5 11. Bd3 Nc6 12. Nce2 (12. O-O d4 $1)
12... a5 13. b5 Ne5 14. Bb2 (14. Bc2 Nc4 $132) 14... Nc4 (14... Nxd3+ {
Curieusement ce coup naturel n'a jamais été essayé dans la pratique} 15.
Qxd3) 15. Bc3 Be6 $146 (15... Bg4 16. h3 Bxe2 17. Qxe2 Nxa3 18. O-O Bb4 19. Bd4
Re8 20. Rfc1 Bf8 21. Qf3 Re6 22. Rc3 Nc4 23. Rxc4 dxc4 24. Bxc4 Rd6 25. Nf5
Rxd4 26. Nxd4 Qe7 27. Nf5 Qe4 28. Nd4 Qxf3 29. Nxf3 Ne4 30. Bd5 Nd6 31. Nd4 a4
32. e4 Ra5 33. Nb3 Ra8 34. Nc5 Nxb5 35. Rxa4 Rxa4 36. Nxa4 Nd6 37. Nb6 g5 38.
e5 Nb5 39. Bxb7 Bc5 40. Nd7 Bd4 41. g3 Nc7 42. Kg2 Kg7 43. Be4 Ne6 44. Bf5 Nc5
45. Nxc5 {Fier,A (2570)-Parligras,M (2574) Tromso 2014 1/2-1/2}) 16. O-O Re8
17. Nf4 Rc8 18. Bd4 g6 $6 {Un sérieux affaiblissement des cases Noires} 19.
Ra2 $1 Bc5 20. Qa1 Bxd4 21. Qxd4 Qe7 22. a4 Rc5 23. Re2 (23. Rc2 $5 Rec8 24.
Rfc1) 23... Rec8 24. Rfe1 Nd6 25. f3 Bd7 26. h3 h5 {Un coup naturel mais trop
lent} (26... Be6) 27. e4 $1 dxe4 28. Nxe4 Ndxe4 29. Bxe4 Rc4 30. Nxg6 $1 {
La pointe} Qc5 31. Qxc5 R8xc5 32. Ne7+ Kf8 33. Bxb7 $16 Rxa4 34. Bc6 $1 Be6 35.
Ng6+ Kg7 36. Ne5 Nd5 37. b6 Rb4 38. b7 $40 Rc3 $2 39. Re4 Rcb3 40. Rxb4 Rxb4
41. Nd7 Bxd7 42. Bxd5 1-0